Statistics for Jelly Belly Official 50 Flavors

Click here to take the quiz!

General Stats

  • This quiz has been taken 17,904 times
    (17,832 since last reset)
  • The average score is 26 of 50

Answer Stats

Flavor% Correct
Strawberry Cheesecake
91%
Strawberry Daiquiri
91%
Strawberry Jam
91%
Green Apple
89%
Orange Sherbet
88%
Sunkist Orange
88%
Lemon Drop
87%
Sunkist Lemon
87%
Red Apple
86%
Blueberry
81%
Lemon Lime
81%
Sunkist Lime
81%
Very Cherry
77%
Sour Cherry
76%
Raspberry
75%
Top Banana
74%
Chocolate Pudding
72%
Watermelon
68%
Juicy Pear
58%
Peach
57%
Buttered Popcorn
55%
Crushed Pineapple
55%
French Vanilla
53%
Licorice
53%
Chili Mango
51%
Mango
51%
Wild Blackberry
51%
Coconut
49%
Kiwi
44%
Bubble Gum
41%
Cinnamon
40%
Sizzling Cinnamon
40%
Cappuccino
37%
Cotton Candy
35%
Plum
33%
Sunkist Pink Grapefruit
33%
A & W Root Beer
31%
Tutti-Fruitti
31%
Sunkist Tangerine
29%
Berry Blue
28%
Mixed Berry Smoothie
28%
Toasted Marshmallow
27%
Pina Colada
21%
Cantaloupe
20%
Pomegranate
18%
A & W Cream Soda
16%
Dr Pepper
15%
Island Punch
15%
Margarita
11%
Caramel Corn
8%

Score Distribution

Percentile by Number Answered

Percent of People with Each Score

Your Score History

You have not taken this quiz since the last reset